000 00490nam a22001697a 4500
005 20251108165443.0
008 250721s1980 xx 000 0 ara d
082 1 4 _a955.03/بدي
100 1 _aجمعة، بديع محمد
245 1 0 _aالشاه عباس الكبير 1588-1629م /
264 1 _aبيروت :
_bدار النهضة العربية،
_c1980.
300 _a310ص : مص
650 1 7 _aإيران
650 1 7 _aتاريخ إيران
942 _2ddc
_cBK
999 _c28295
_d28295